000 00346nam a2200109Ia 4500
008 171211s9999 xx 000 0 und d
245 _aExploring the Martian Moons: A Human Mission to Deimos and Phobos
245 _cManfred "Dutch" von Ehrenfried
260 _c2017
650 _xASTRONOMY
856 _uhttp://down.ebook777.com/063/3319526995.pdf
999 _c349414
_d349414